000 00692nam a2200229Ia 4500
005 20250117103546.0
008 008 250103s9999 xx 000 0 eng d
020 _a9355941684
037 _aTextual
040 _aCSL
_beng
_cCSL
041 _aeng
_2eng
084 _aYw44 R3-;1
_qCSL
245 0 _aBiographical account of indian anthropologists
_cJoshi, P C (Ed.); Nayak, Prasanna K (Ed.)
260 _aNew Delhi
_bConcept Publishing
_c2023
300 _axix, 380p. ill.
650 _aAnthropology
650 _aBiography
700 _a Nayak, Prasanna K (Ed.)
_9733861
700 _aJoshi, P C (Ed.)
942 _cTEXL
_hYw44 R3-;1
999 _c1237725
_d1237725